| 000 | 01168nam a22003377a 4500 | ||
|---|---|---|---|
| 001 | 0011605 | ||
| 003 | DO-SdBNP | ||
| 005 | 20170915110926.0 | ||
| 007 | 0011605 | ||
| 008 | 161011b 2004 sp||||| |||| 00| 0 spa d | ||
| 020 | _a8495818248 | ||
| 040 |
_aBPMSU _bspa _cBPMSU |
||
| 082 |
_a684.105 _bA111m |
||
| 245 | 0 | 3 |
_aEl arte del mueble = the art of iron furniture / _ccreación David Fernández García ; dirección editorial Hugo Quiroga Capovilla |
| 246 | 3 | 1 | _aThe art of iron furniture |
| 260 | 0 |
_aCórdoba, España : _bDaly, _c2004. |
|
| 300 |
_a4v. : _bil., _c30 cm. |
||
| 500 | _aTexto en español e inglés | ||
| 505 | 0 |
_gv.1. _a Dormitorios = Bedrooms |
|
| 505 | 0 |
_gv.2. _aMueble auxiliar = Auxiliar furniture |
|
| 505 | 0 |
_gv.3. _aComedores = Dining-rooms |
|
| 505 | 0 |
_gv.4. _aMesas y asientos = Tables and seats |
|
| 505 | 0 |
_gv.1. _a Dormitorios = Bedrooms |
|
| 650 | 4 | _aMUEBLES EN HIERRO FORJADO | |
| 700 | 1 | 2 | _aFernández García, David |
| 700 | 1 |
_aQuiroga Capovilla, Hugo, _edir. ed. |
|
| 910 | _aValidado. Control de calidad MFF | ||
| 942 |
_2ddc _cBK |
||
| 945 | _aInventariado, 2017/MFF | ||
| 956 |
_aBTAVÁREZ _b10 _c20161011 _d0011605 |
||
| 999 |
_c11520 _d11520 |
||